[Event "FRA-ch Seniors"]
[Site "Chartres"]
[Date "2019.??.??"]
[Round "2"]
[White "Goldenberg, Richard"]
[Black "Andrieu, Philippe"]
[Result "1-0"]
[WhiteElo "2215"]
[BlackElo "1812"]
[PlyCount "67"]
[EventDate "2019.08.17"]
[EventType "swiss"]
[EventRounds "9"]
[EventCountry "FRA"]
[SourceTitle "EXT 2020"]
[Source "ChessBase"]
[SourceDate "2019.10.17"]
[SourceVersion "1"]
[SourceVersionDate "2019.10.17"]
[SourceQuality "1"]

1. Nf3 c5 2. c4 g6 3. Nc3 Bg7 4. g3 Nc6 5. Bg2 Nf6 6. d4 cxd4 7. Nxd4 0-0 8. 0-0 Nxd4 9. Qxd4 d6 10. Qd3 Nd7 11. b3 Ne5 12. Qd2 Rb8 13. Bb2 Bd7 14. Nd5 Bc6 15. Rad1 e6 16. Ne3 Bxg2 17. Kxg2 Nc6 18. Bxg7 Kxg7 19. Qxd6 Qa5 20. Qd2 Qh5 21. Qb2+ Kg8 22. h3 e5 23. Ng4 f5 24. Nxe5 Nxe5 25. Qxe5 Rbe8 26. Qd5+ Rf7 27. e3 Kg7 28. Rd2 Qg5 29. Qd4+ Kh6 30. Rfd1 Re4 31. Qd8 Qh5 32. Rd7 Rxd7 33. Rxd7 f4 34. Qf8+ 1-0

[Event "FRA-ch op Senior"]
[Site "Agen"]
[Date "2016.??.??"]
[Round "2"]
[White "Goldenberg, Richard"]
[Black "Andrieu, Philippe"]
[Result "1-0"]
[WhiteElo "2228"]
[BlackElo "1848"]
[PlyCount "95"]
[EventDate "2016.08.12"]
[EventType "swiss"]
[EventRounds "9"]
[EventCountry "FRA"]
[SourceTitle "EXT 2017"]
[Source "ChessBase"]
[SourceDate "2016.10.25"]
[SourceVersion "1"]
[SourceVersionDate "2016.10.25"]
[SourceQuality "1"]

1. Nf3 c5 2. c4 Nf6 3. Nc3 g6 4. g3 Bg7 5. Bg2 d6 6. d4 cxd4 7. Nxd4 Nbd7 8. 0-0 0-0 9. b3 a6 10. Bb2 Rb8 11. Qd2 Ng4 12. h3 Nge5 13. f4 Nc6 14. Nd5 e5 15. Nf3 Nc5 16. fxe5 dxe5 17. Qe3 Nd7 18. Rad1 Qa5 19. Rd2 Qc5 20. h4 Qxe3+ 21. Nxe3 Nc5 22. Ng5 h6 23. Ba3 hxg5 24. Bxc5 Re8 25. Bd5 Be6 26. hxg5 Nd4 27. Kg2 b6 28. Bd6 Rbd8 29. Bc7 Bxd5+ 30. Nxd5 Rc8 31. Bxb6 Re6 32. c5 Nf5 33. Rfd1 Bf8 34. b4 e4 35. Nf6+ Kg7 36. Rh1 Rxf6 37. gxf6+ Kxf6 38. Rd8 Rxd8 39. Bxd8+ Ke5 40. Rh7 Ke6 41. Bg5 Nd4 42. Rh8 Bg7 43. Ra8 Nxe2 44. Rxa6+ Kf5 45. c6 Ke6 46. Bf4 f5 47. c7+ Kd7 48. Ra8 1-0

[Event "Angers op 9th"]
[Site "Angers"]
[Date "2014.05.09"]
[Round "2"]
[White "Maloberti, David"]
[Black "Andrieu, Philippe"]
[Result "1-0"]
[WhiteElo "2015"]
[BlackElo "1876"]
[PlyCount "121"]
[EventDate "2014.05.09"]
[EventType "swiss"]
[EventRounds "6"]
[EventCountry "FRA"]
[SourceTitle "CBM 160 Extra"]
[Source "ChessBase"]
[SourceDate "2014.07.01"]
[SourceVersion "1"]
[SourceVersionDate "2014.07.01"]
[SourceQuality "1"]

1. d4 d5 2. c4 Nc6 3. cxd5 Qxd5 4. e3 e5 5. Nc3 Bb4 6. Bd2 Bxc3 7. bxc3 exd4 8. cxd4 Nf6 9. Nf3 Bg4 10. h3 Bh5 11. Be2 0-0 12. 0-0 Rad8 13. Qb3 Qxb3 14. axb3 Ne4 15. Be1 Nd6 16. b4 a6 17. Rc1 f6 18. Bxa6 Bxf3 19. gxf3 Nxd4 20. exd4 bxa6 21. Rxc7 Nb5 22. Rc6 Nxd4 23. Rxa6 Rd5 24. Ra5 Rxa5 25. bxa5 Nxf3+ 26. Kg2 Nxe1+ 27. Rxe1 Ra8 28. Ra1 Ra6 29. Kf3 Kf7 30. Ke4 Ke6 31. Kd4 Kd6 32. Kc4 Kc6 33. Kb4 Kb7 34. Re1 Rd6 35. Re7+ Ka6 36. Rxg7 Rd4+ 37. Kc5 Rh4 38. Rf7 Rxh3 39. Rxf6+ Kxa5 40. f4 h5 41. Rf8 Ka6 42. f5 Kb7 43. Kd6 Rd3+ 44. Ke6 Kc7 45. Rh8 Rh3 46. f6 Re3+ 47. Kf7 Kd7 48. Rxh5 Rd3 49. Re5 Rg3 50. Rd5+ Kc6 51. Rd1 Rg2 52. Ke7 Re2+ 53. Kf8 Rg2 54. f7 Rg3 55. Rd4 Rg2 56. Ke7 Re2+ 57. Kf6 Rf2+ 58. Kg7 Rg2+ 59. Kh7 Rh2+ 60. Kg6 Rg2+ 61. Kf5 1-0

[Event "Cappelle op 29th"]
[Site "Cappelle la Grande"]
[Date "2013.02.28"]
[Round "7"]
[White "Gasik, Anna"]
[Black "Andrieu, Philippe"]
[Result "1/2-1/2"]
[WhiteElo "2232"]
[BlackElo "1919"]
[PlyCount "132"]
[EventDate "2013.02.23"]
[EventType "swiss"]
[EventRounds "9"]
[EventCountry "FRA"]
[SourceTitle "CBM 153 Extra"]
[Source "ChessBase"]
[SourceDate "2013.04.22"]
[SourceVersion "1"]
[SourceVersionDate "2013.04.22"]
[SourceQuality "1"]

1. e4 c5 2. Ne2 Nc6 3. d4 cxd4 4. Nxd4 e5 5. Nb5 a6 6. Nd6+ Bxd6 7. Qxd6 Qf6 8. Qd2 Nge7 9. a4 Nd4 10. Ra3 Qc6 11. Bd3 b6 12. 0-0 Bb7 13. Qg5 Ng6 14. Be3 Ne6 15. Qg3 0-0 16. Rc3 Qd6 17. Na3 Nc5 18. Nc4 Qe6 19. Nxb6 Nxd3 20. cxd3 Rad8 21. a5 f5 22. exf5 Qxf5 23. Qg5 Qe6 24. f3 h6 25. Qg3 Nf4 26. Bxf4 exf4 27. Qf2 Rde8 28. d4 Rf7 29. Rc2 Rfe7 30. Rd2 Qb3 31. d5 Qb4 32. Qd4 Qxa5 33. h4 Re1 34. Nc4 Qa1 35. Rd1 Rxd1 36. Qxd1 Qa2 37. Qd3 a5 38. Qg6 Re2 39. Nd6 Bxd5 40. Nf5 Qxb2 41. Nxh6+ Kh8 42. Nf5 Bf7 43. Qg5 Qb6+ 44. Kh2 Qg6 45. Rd1 Qxg5 46. hxg5 Re5 47. Nd6 Bb3 48. Rd3 a4 49. g6 Kg8 50. Rc3 Rh5+ 51. Kg1 Kf8 52. Ne4 Ke7 53. Nc5 Bd1 54. Nxd7 Rg5 55. Nb6 Rxg6 56. Nd5+ Ke8 57. Nxf4 Rb6 58. Ra3 Bc2 59. Kh2 Rd6 60. Kg3 Bb3 61. Ne2 Rd2 62. Nc3 Rd4 63. Ne4 Rd5 64. Kf4 Bc2 65. Ra2 Bb3 66. Ra3 Bc2 1/2-1/2

[Event "FRA-ch Seniors"]
[Site "Pau"]
[Date "2012.08.17"]
[Round "4"]
[White "Andrieu, Philippe"]
[Black "Violeau, Jean Luc"]
[Result "0-1"]
[WhiteElo "1890"]
[BlackElo "1887"]
[PlyCount "108"]
[EventDate "2012.08.14"]
[EventType "swiss"]
[EventRounds "11"]
[EventCountry "FRA"]
[SourceTitle "EXT 2013"]
[Source "ChessBase"]
[SourceDate "2012.11.22"]
[SourceVersion "1"]
[SourceVersionDate "2012.11.22"]
[SourceQuality "1"]

1. d4 d5 2. Nc3 e6 3. e4 Nf6 4. Bg5 Bb4 5. e5 h6 6. exf6 hxg5 7. fxg7 Rg8 8. Qh5 Qf6 9. Nf3 Qxg7 10. Ne5 Bd7 11. Bd3 Nc6 12. Nxd7 Kxd7 13. a3 Bd6 14. 0-0-0 Nxd4 15. Qg4 c6 16. Ne2 Nxe2+ 17. Qxe2 Rad8 18. c4 dxc4 19. Bxc4 Kc7 20. g3 Qe5 21. Qf3 Qg7 22. Rd3 Be5 23. Rb3 Qf6 24. Qe2 Bd4 25. Rf3 Qe7 26. Rd1 Rd6 27. Rfd3 Rgd8 28. Qd2 e5 29. Qb4 Qd7 30. Qa5+ Kb8 31. Qd2 e4 32. Rxd4 Rxd4 33. Qxd4 Qxd4 34. Rxd4 Rxd4 35. Bxf7 Kc7 36. Kc2 Rd6 37. h4 gxh4 38. gxh4 Rf6 39. Bg8 Rxf2+ 40. Kc3 Rh2 41. Kd4 Rxh4 42. Bf7 Kd6 43. b3 c5+ 44. Kc4 b6 45. a4 Rh7 46. Bg6 Re7 47. Bh5 Ke5 48. Kc3 Rd7 49. Kc4 Kf4 50. Be8 Rd4+ 51. Kb5 e3 52. Bh5 Rb4+ 53. Kc6 Rxb3 54. Kb7 Rb2 0-1

[Event "FRA-ch Seniors"]
[Site "Caen"]
[Date "2011.08.24"]
[Round "8"]
[White "Andrieu, Philippe"]
[Black "Rodriguez, Jean Pierre"]
[Result "1-0"]
[WhiteElo "1894"]
[BlackElo "1871"]
[PlyCount "78"]
[EventDate "2011.08.16"]
[EventType "swiss"]
[EventRounds "11"]
[EventCountry "FRA"]
[SourceTitle "CBM 144 Extra"]
[Source "ChessBase"]
[SourceDate "2011.10.28"]
[SourceVersion "1"]
[SourceVersionDate "2011.10.28"]
[SourceQuality "1"]

1. d4 Nf6 2. Bg5 e6 3. e4 h6 4. Bxf6 Qxf6 5. Nf3 c5 6. c3 cxd4 7. cxd4 Bb4+ 8. Nc3 0-0 9. Bd3 Nc6 10. e5 Qe7 11. 0-0 d6 12. Qe2 a6 13. Rac1 Rd8 14. Qe4 g6 15. Qe3 Kg7 16. Ne4 dxe5 17. dxe5 Ba5 18. Rfd1 Nb4 19. Bb1 Nd5 20. Qb3 b5 21. Nd4 Bd7 22. Nd6 Qg5 23. Nf3 Qe7 24. Nb7 Bb6 25. Nxd8 Rxd8 26. g3 Be8 27. Be4 a5 28. Ne1 Qa7 29. Qf3 Bd4 30. Nd3 Qb8 31. Bxd5 Rxd5 32. Qf6+ Kg8 33. Re1 b4 34. Rc2 Bb5 35. Rec1 Be8 36. Rc8 Qb5 37. R1c7 Bxf2+ 38. Kg2 Rd8 39. Rxd8 Kh7 1-0

[Event "Angers op 5th"]
[Site "Angers"]
[Date "2010.04.23"]
[Round "2"]
[White "Andrieu, Philippe"]
[Black "Drochon, Francois"]
[Result "1-0"]
[WhiteElo "1943"]
[BlackElo "1710"]
[PlyCount "115"]
[EventDate "2010.04.23"]
[EventType "swiss"]
[EventRounds "6"]
[EventCountry "FRA"]
[SourceTitle "EXT 2011"]
[Source "ChessBase"]
[SourceDate "2010.11.26"]
[SourceVersion "1"]
[SourceVersionDate "2010.11.26"]
[SourceQuality "1"]

1. d4 Nf6 2. Bg5 e6 3. e4 Be7 4. Bxf6 Bxf6 5. e5 Be7 6. Nf3 d5 7. Bd3 c5 8. c3 Nc6 9. 0-0 Qb6 10. b3 cxd4 11. cxd4 Bd7 12. Be2 Rc8 13. a3 Na5 14. Nbd2 0-0 15. b4 Nc4 16. Nb3 Ba4 17. Qb1 Bxb3 18. Qxb3 a6 19. Rac1 Qc6 20. h3 b5 21. Rfd1 Qb7 22. Ne1 Bg5 23. Rc2 Qb6 24. Qg3 Bh6 25. Rd3 Ra8 26. Qh4 Qd8 27. Qg3 Qg5 28. Qh2 a5 29. h4 Qe7 30. Rb3 Rfb8 31. Nd3 axb4 32. Nxb4 Qd7 33. Qg3 Ra4 34. Qc3 Rba8 35. Ra2 g6 36. Nd3 Bf8 37. Nb2 R4a5 38. Nd3 Ra4 39. h5 Rc8 40. Qa1 Rca8 41. hxg6 hxg6 42. Nb4 Bxb4 43. Rxb4 Rxa3 44. Bxc4 Rxa2 45. Bxa2 Qa7 46. Rxb5 Kg7 47. Qd1 Qxa2 48. Qf3 Qa1+ 49. Kh2 Rh8+ 50. Kg3 Qa7 51. Qf6+ Kg8 52. Rc5 Qd7 53. Ra5 Qb7 54. Ra1 Rh5 55. Qd8+ Kg7 56. Ra8 Qb3+ 57. f3 Qb4 58. Qf6+ 1-0

[Event "Marseille op 2nd "]
[Site "Marseille"]
[Date "2009.12.27"]
[Round "4"]
[White "Tatinian, William"]
[Black "Andrieu, Philippe"]
[Result "0-1"]
[WhiteElo "1767"]
[BlackElo "1970"]
[PlyCount "40"]
[EventDate "2009.12.26"]
[EventType "swiss"]
[EventRounds "9"]
[EventCountry "FRA"]
[SourceTitle "CBM 134 Extra"]
[Source "ChessBase"]
[SourceDate "2010.03.03"]
[SourceVersion "1"]
[SourceVersionDate "2010.03.03"]
[SourceQuality "1"]

1. d4 d5 2. Nc3 Bf5 3. Bf4 e6 4. a3 Bd6 5. Bxd6 Qxd6 6. Nf3 Nd7 7. e3 a6 8. Be2 Ngf6 9. Nh4 Bg6 10. Nxg6 hxg6 11. h3 c5 12. Bf3 cxd4 13. Qxd4 Rc8 14. 0-0 Rc4 15. Qd1 Ne5 16. Re1 g5 17. Nb1 Nxf3+ 18. Qxf3 g4 19. hxg4 Qh2+ 20. Kf1 Rxc2 0-1

[Event "Bagnoles de l'Orne"]
[Site "Bagnoles de l'Orne"]
[Date "2009.05.31"]
[Round "3"]
[White "Bouget, Alexandre"]
[Black "Andrieu, Philippe"]
[Result "1-0"]
[WhiteElo "2049"]
[BlackElo "1914"]
[PlyCount "137"]
[EventDate "2009.05.30"]
[EventType "swiss"]
[EventRounds "6"]
[EventCountry "FRA"]
[SourceTitle "CBM 130 Extra"]
[Source "ChessBase"]
[SourceDate "2009.07.02"]
[SourceVersion "2"]
[SourceVersionDate "2009.07.15"]
[SourceQuality "1"]

1. d4 d5 2. c4 dxc4 3. Nf3 c5 4. e3 cxd4 5. exd4 Nf6 6. Bxc4 e5 7. 0-0 Bd6 8. Nc3 0-0 9. Bg5 Nbd7 10. Bb3 Qa5 11. Qd3 b6 12. Bc4 a6 13. Ne4 Be7 14. Bxf6 Nxf6 15. Nxe5 Bb7 16. Nxf6+ Bxf6 17. Nd7 Qg5 18. Qh3 Rfd8 19. Nxb6 Rxd4 20. Be2 Rad8 21. Nc4 h6 22. Qg3 Qc5 23. Rac1 Qe7 24. Bf3 Bd5 25. b3 Bg5 26. Rc3 Bf4 27. Qh3 Bb8 28. g3 Qf6 29. Bxd5 R4xd5 30. Rcc1 Ba7 31. Qg2 Rf5 32. Rc2 Rfd5 33. Re2 Rd1 34. Ree1 Rxe1 35. Rxe1 Bd4 36. Re2 Bc3 37. Qe4 Rd4 38. Qa8+ Kh7 39. Ne3 Qg5 40. Qf3 Qg6 41. Nc4 Rd1+ 42. Kg2 Rd3 43. Qe4 Qxe4+ 44. Rxe4 Rd5 45. Re3 Bf6 46. Kf3 Kg8 47. Ke2 Kf8 48. Rd3 Bd4 49. f3 Be5 50. Kd2 Ke7 51. Nxe5 Rxe5 52. Rd4 Re6 53. Re4 f5 54. Rxe6+ Kxe6 55. b4 Ke5 56. a4 Kd4 57. b5 axb5 58. axb5 Kc5 59. Ke3 g5 60. b6 Kxb6 61. Kd4 g4 62. fxg4 fxg4 63. Ke5 Kc6 64. Kf4 Kd6 65. Kxg4 Ke5 66. Kh5 Kf5 67. Kxh6 Kg4 68. Kg6 Kh3 69. Kg5 1-0